Biomedical instrumentation and measurements (Record no. 65158)
[ view plain ]
| 000 -LEADER | |
|---|---|
| fixed length control field | 00560nam a22001817a 4500 |
| 003 - CONTROL NUMBER IDENTIFIER | |
| control field | NUST - PNEC |
| 005 - DATE AND TIME OF LATEST TRANSACTION | |
| control field | 20170116180907.0 |
| 008 - FIXED-LENGTH DATA ELEMENTS--GENERAL INFORMATION | |
| fixed length control field | 150902b xxu||||| |||| 00| 0 eng d |
| 020 ## - INTERNATIONAL STANDARD BOOK NUMBER | |
| International Standard Book Number | 8120306538 |
| 040 ## - CATALOGING SOURCE | |
| Transcribing agency | LIBRARY |
| 082 ## - DEWEY DECIMAL CLASSIFICATION NUMBER | |
| Classification number | 610.28 CRO |
| 100 ## - MAIN ENTRY--PERSONAL NAME | |
| 9 (RLIN) | 6791 |
| Personal name | Cromwell, Leslie. |
| 245 ## - TITLE STATEMENT | |
| Title | Biomedical instrumentation and measurements |
| Statement of responsibility, etc. | Leslie Cromwell Erich A. Pfeiffer and Fred J. Weibell |
| 250 ## - EDITION STATEMENT | |
| Edition statement | 2nd ed. |
| 260 ## - PUBLICATION, DISTRIBUTION, ETC. | |
| Date of publication, distribution, etc. | c. 1980 |
| 650 ## - SUBJECT ADDED ENTRY--TOPICAL TERM | |
| 9 (RLIN) | 6797 |
| Topical term or geographic name entry element | Biomedical engineering, Medical instruments and apparatus |
| Form subdivision | general books |
| 942 ## - ADDED ENTRY ELEMENTS (KOHA) | |
| Source of classification or shelving scheme | |
| Koha item type | Book |
| Withdrawn status | Lost status | Source of classification or shelving scheme | Damaged status | Not for loan | Permanent Location | Current Location | Shelving location | Date acquired | Total Checkouts | Full call number | Barcode | Date last seen | Price effective from | Koha item type |
|---|---|---|---|---|---|---|---|---|---|---|---|---|---|---|
| Pakistan Navy Engineering College (PNEC) | Pakistan Navy Engineering College (PNEC) | 610.28 CRO | PNECLIB-016913 | 09/02/2015 | Book |
